MARC

LEADER 00000nas1a2200000 4500
001 380263
005 20231101062644.0
035 |a (RuTPU)RU\TPU\prd\1074 
035 |a BOOK00001075 
090 |a 380263 
100 |a 20011210b1967 k y0rusy50 ca 
101 0 |a rus 
102 |a RU 
110 |a aeaz|||0uu0 
200 1 |a Электротехническая промышленность  |e информационный научно-технический сборник  |f Всесоюзный научно-исследовательский институт информации и технико-экономических исследований в электротехнике (Информэлектро) 
210 |a Москва  |c Информэлектро  |d 1961, 1967-1970 
326 |a 24 номера в год 
440 1 |0 (RuTPU)RU\TPU\prd\895  |x 0136-0744  |t Электротехническая промышленность. Серия: Общеотраслевые вопросы  |o научно-технический реферативный сборник  |f Всесоюзный научно-исследовательский институт информации и технико-экономических исследований в электротехнике (Информэлектро)  |c Москва  |n Информэлектро  |d 1970-1984 
610 1 |a электротехника 
610 1 |a электротехническая аппаратура 
610 1 |a электротехнические измерения 
610 1 |a электротехнические материалы 
675 |a 621.3.002  |v 3 
712 0 2 |a Всесоюзный научно-исследовательский институт информации и технико-экономических исследований в электротехнике (Информэлектро)  |2 stltpush  |3 (RuTPU)RU\TPU\col\10404 
801 0 |a RU  |b 63413507  |c 20011210  |g PSBO 
801 2 |a RU  |b 63413507  |c 20131115  |g RCR 
942 |c CR